[Event "Copa Latinoamericana de Ajedrez 2011"]
[Site "Montevideo URU"]
[Date "2011.11.04"]
[Round "5.20"]
[White "Lujan, Carolina"]
[Black "Kasuo Okamura, Milton"]
[Result "1-0"]
[WhiteElo "2361"]
[BlackElo "2107"]
[PlyCount "79"]
[EventDate "2011.11.01"]
[EventType "swiss"]
[EventRounds "9"]
[EventCountry "URU"]
[Source "lmi"]
[SourceDate "2011.11.01"]

1. e4 e5 2. Nf3 Nc6 3. Bb5 a6 4. Ba4 Nf6 5. d3 b5 6. Bb3 Be7 7. O-O d6 8. c3
O-O 9. Re1 Na5 10. Bc2 c5 11. Nbd2 Re8 12. Nf1 Bf8 13. Ng3 g6 14. h3 Bg7 15. d4
Qc7 16. d5 Bd7 17. b3 Nb7 18. Be3 h6 19. Qd2 Kh7 20. Nh2 c4 21. b4 a5 22. a3
Ra6 23. Rf1 Rea8 24. Rac1 axb4 25. axb4 Ng8 26. f4 f6 27. f5 g5 28. Bd1 Nd8 29.
Bh5 Ne7 30. Qd1 Qc8 31. Qg4 Nb7 32. h4 gxh4 33. Qxh4 Qf8 34. Ng4 Ng8 35. Bg6+
Kh8 36. Nh5 Qe7 37. Nxg7 Kxg7 38. Bxh6+ Nxh6 39. Qxh6+ Kg8 40. Bh7+ 1-0

[Event "Copa Latinoamericana de Ajedrez 2011"]
[Site "Montevideo URU"]
[Date "2011.11.04"]
[Round "5.22"]
[White "Bustelo, Tabare"]
[Black "Larrea, Manuel"]
[Result "0-1"]
[WhiteElo "2091"]
[BlackElo "2327"]
[PlyCount "68"]
[EventDate "2011.11.01"]
[EventType "swiss"]
[EventRounds "9"]
[EventCountry "URU"]
[Source "lmi"]
[SourceDate "2011.11.01"]

1. Nc3 c5 2. Nf3 Nc6 3. d4 cxd4 4. Nxd4 Nf6 5. Nb3 d5 6. Bg5 d4 7. Nb5 e5 8. e4
a6 9. Na3 Bb4+ 10. Nd2 h6 11. Bxf6 Qxf6 12. Nac4 Be6 13. g3 Be7 14. Nb6 Rd8 15.
Bc4 Qg6 16. Bxe6 fxe6 17. O-O Bc5 18. Na4 Ba7 19. b4 d3 20. c3 O-O 21. Nc5 Bxc5
22. bxc5 Rd7 23. Rb1 Rf4 24. f3 Qg5 25. Qe1 Qe7 26. Qe3 Na5 27. Rb6 Rf8 28.
Rfb1 Rc8 29. Kf2 Qxc5 30. Qxc5 Rxc5 31. Rxe6 Nc6 32. Re8+ Kf7 33. Rc8 Rxc3 34.
Rb3 Rxb3 0-1

[Event "Copa Latinoamericana de Ajedrez 2011"]
[Site "Montevideo URU"]
[Date "2011.11.04"]
[Round "5.23"]
[White "Bernal, Gustavo"]
[Black "Izquierdo, Daniel"]
[Result "0-1"]
[WhiteElo "2068"]
[BlackElo "2277"]
[PlyCount "90"]
[EventDate "2011.11.01"]
[EventType "swiss"]
[EventRounds "9"]
[EventCountry "URU"]
[Source "lmi"]
[SourceDate "2011.11.01"]

1. d4 Nf6 2. c4 c5 3. d5 b5 4. cxb5 a6 5. bxa6 Bxa6 6. b3 g6 7. Bb2 Bg7 8. g3
d6 9. Bg2 O-O 10. Nh3 Nbd7 11. O-O Qb6 12. Bc3 Ne5 13. Bxe5 dxe5 14. Nc3 Ra7
15. Rb1 Rc8 16. Qc2 h6 17. Kh1 Qb4 18. Rfd1 Ne8 19. e4 Nd6 20. a3 Qa5 21. Ng1
c4 22. b4 Qxa3 23. b5 Bb7 24. Ra1 Qc5 25. Rxa7 Qxa7 26. Rb1 Ra8 27. b6 Qa3 28.
Nge2 Qc5 29. Kg1 f5 30. h4 Rf8 31. Na4 Qc8 32. Nec3 f4 33. Kh2 g5 34. Bh3 g4
35. Bg2 Bf6 36. gxf4 exf4 37. e5 Bxe5 38. Qg6+ Bg7 39. Ne4 f3 40. Bf1 Nxe4 41.
Qxe4 Qb8+ 42. Kg1 g3 43. Bxc4 gxf2+ 44. Kxf2 Qh2+ 45. Kf1 Qg2+ 0-1

[Event "Copa Latinoamericana de Ajedrez 2011"]
[Site "Montevideo URU"]
[Date "2011.11.04"]
[Round "5.25"]
[White "Rezende Vilela, Guilherme"]
[Black "Hernandez, Alexander"]
[Result "0-1"]
[WhiteElo "2050"]
[BlackElo "2258"]
[PlyCount "36"]
[EventDate "2011.11.01"]
[EventType "swiss"]
[EventRounds "9"]
[EventCountry "URU"]
[Source "lmi"]
[SourceDate "2011.11.01"]

1. d4 Nf6 2. Nf3 e6 3. c4 b6 4. g3 Bb7 5. Bg2 d5 6. cxd5 exd5 7. Bg5 Be7 8. O-O
O-O 9. Nc3 Ne4 10. Nxe4 dxe4 11. Bxe7 Qxe7 12. Nd2 Nd7 13. Rc1 c5 14. Qa4 a6
15. dxc5 Nxc5 16. Qb4 e3 17. Bxb7 exd2 18. Rc2 Rad8 0-1

[Event "Copa Latinoamericana de Ajedrez 2011"]
[Site "Montevideo URU"]
[Date "2011.11.04"]
[Round "5.26"]
[White "Carvalho, Guillermo"]
[Black "Codigone, Maximiliano"]
[Result "1/2-1/2"]
[WhiteElo "2244"]
[BlackElo "2033"]
[PlyCount "40"]
[EventDate "2011.11.01"]
[EventType "swiss"]
[EventRounds "9"]
[EventCountry "URU"]
[Source "lmi"]
[SourceDate "2011.11.01"]

1. c4 Nf6 2. Nf3 g6 3. g3 Bg7 4. Bg2 d5 5. d4 dxc4 6. Qa4+ Nfd7 7. Qxc4 Nb6 8.
Qb5+ Bd7 9. Qd3 Nc6 10. O-O O-O 11. h3 a5 12. Nc3 a4 13. a3 Be6 14. Be3 Qd7 15.
Ng5 Bc4 16. Qe4 h6 17. d5 hxg5 18. dxc6 Qxc6 19. Qxc6 bxc6 20. Bxc6 Bxc3
1/2-1/2

[Event "Copa Latinoamericana de Ajedrez 2011"]
[Site "Montevideo URU"]
[Date "2011.11.04"]
[Round "5.27"]
[White "Carbone, Diego"]
[Black "Menna Barreto, Felipe Kubiaki"]
[Result "0-1"]
[WhiteElo "2030"]
[BlackElo "2244"]
[PlyCount "52"]
[EventDate "2011.11.01"]
[EventType "swiss"]
[EventRounds "9"]
[EventCountry "URU"]
[Source "lmi"]
[SourceDate "2011.11.01"]

1. Nf3 Nf6 2. c4 g6 3. Nc3 Bg7 4. e4 d6 5. d4 Bg4 6. Be2 Nfd7 7. Be3 c5 8. dxc5
dxc5 9. Qd5 Nc6 10. Ng5 e6 11. Qd2 Bxe2 12. Nxe2 Nde5 13. Qxd8+ Rxd8 14. O-O h6
15. Nf3 Nxf3+ 16. gxf3 b6 17. f4 Bxb2 18. Rab1 Bd4 19. e5 g5 20. fxg5 Bxe3 21.
fxe3 hxg5 22. Ng3 Nxe5 23. Ne4 f5 24. Nxg5 Ke7 25. Nf3 Nxc4 26. Rbe1 Nd2 0-1

[Event "Copa Latinoamericana de Ajedrez 2011"]
[Site "Montevideo URU"]
[Date "2011.11.04"]
[Round "5.28"]
[White "Lopez, Aldi"]
[Black "El Ters, Antouan"]
[Result "0-1"]
[WhiteElo "2076"]
[BlackElo "2240"]
[PlyCount "42"]
[EventDate "2011.11.01"]
[EventType "swiss"]
[EventRounds "9"]
[EventCountry "URU"]
[Source "lmi"]
[SourceDate "2011.11.01"]

1. Nf3 Nf6 2. d4 g6 3. c4 Bg7 4. Nc3 d6 5. e4 O-O 6. Be2 Nc6 7. O-O e5 8. d5
Ne7 9. Ne1 Nd7 10. Be3 f5 11. f3 a5 12. Nd3 c5 13. dxc6 bxc6 14. a3 Ba6 15. Qb3
Rb8 16. Qa2 Kh8 17. Rfd1 Nf6 18. Nxe5 fxe4 19. fxe4 Nxe4 20. Nxg6+ Nxg6 21.
Nxe4 Rxb2 0-1

[Event "Copa Latinoamericana de Ajedrez 2011"]
[Site "Montevideo URU"]
[Date "2011.11.04"]
[Round "5.29"]
[White "Claverie, Raul"]
[Black "Cukerman, Diego"]
[Result "1-0"]
[WhiteElo "2504"]
[BlackElo "2133"]
[PlyCount "81"]
[EventDate "2011.11.01"]
[EventType "swiss"]
[EventRounds "9"]
[EventCountry "URU"]
[Source "lmi"]
[SourceDate "2011.11.01"]

1. f4 d5 2. Nf3 Bg4 3. e3 e6 4. d4 Nd7 5. Be2 f5 6. c4 Bxf3 7. Bxf3 c6 8. O-O
Ngf6 9. Bd2 Be7 10. c5 O-O 11. Qc2 Qe8 12. Rc1 Ne4 13. Nc3 Nxd2 14. Qxd2 b5 15.
Qe2 Nf6 16. Kh1 a5 17. Rg1 Ra7 18. g4 Bd8 19. Rg2 g6 20. Rag1 Kh8 21. Nd1 Ne4
22. Bxe4 fxe4 23. g5 Qf7 24. Nf2 e5 25. dxe5 Be7 26. Qc2 d4 27. exd4 Qxf4 28.
Qxe4 Bxg5 29. Qxc6 Qxd4 30. Qd6 Qxd6 31. exd6 Be3 32. c6 Ra6 33. Re1 Bf4 34. d7
Bc7 35. Re6 Kg7 36. Ne4 Rd8 37. Nc5 Rb6 38. Rge2 Kh6 39. Nb7 Rxb7 40. cxb7 Rxd7
41. Re7 1-0

[Event "Copa Latinoamericana de Ajedrez 2011"]
[Site "Montevideo URU"]
[Date "2011.11.04"]
[Round "5.30"]
[White "Martinez, Ayelen"]
[Black "Egoroff, Jomar"]
[Result "0-1"]
[WhiteElo "2123"]
[BlackElo "2311"]
[PlyCount "58"]
[EventDate "2011.11.01"]
[EventType "swiss"]
[EventRounds "9"]
[EventCountry "URU"]
[Source "lmi"]
[SourceDate "2011.11.01"]

1. e4 c5 2. Nf3 e6 3. d4 cxd4 4. Nxd4 a6 5. Bd3 Qc7 6. O-O Nf6 7. Nc3 b5 8. Re1
d6 9. Qf3 Nbd7 10. Qg3 Bb7 11. f4 b4 12. Nd1 Nc5 13. Nf2 d5 14. exd5 Bxd5 15.
Bd2 h5 16. Bxb4 h4 17. Qe3 Qb7 18. c3 Bxg2 19. f5 Bd5 20. Bc2 h3 21. Nxh3 Bd6
22. Ba4+ Kd8 23. Nxe6+ fxe6 24. Bxc5 Rxh3 25. Qd4 Qxb2 26. Bb6+ Kc8 27. Qf2
Bxh2+ 28. Kf1 Rf3 29. fxe6 Qxb6 0-1

[Event "Copa Latinoamericana de Ajedrez 2011"]
[Site "Montevideo URU"]
[Date "2011.11.04"]
[Round "5.31"]
[White "Michailov, Matias"]
[Black "Espinoza Palomino, Willyam"]
[Result "0-1"]
[WhiteElo "2117"]
[BlackElo "2273"]
[PlyCount "62"]
[EventDate "2011.11.01"]
[EventType "swiss"]
[EventRounds "9"]
[EventCountry "URU"]
[Source "lmi"]
[SourceDate "2011.11.01"]

1. c4 Nf6 2. Nc3 e5 3. g3 d5 4. cxd5 Nxd5 5. Bg2 Nb6 6. Nf3 Nc6 7. O-O Be7 8.
a3 O-O 9. b4 Be6 10. d3 a5 11. b5 Nd4 12. Nd2 Ra7 13. e3 Nf5 14. Qc2 Qd7 15.
Rd1 a4 16. Nc4 f6 17. Bb2 Nd6 18. Rab1 Nbxc4 19. dxc4 Bxc4 20. Nd5 Bb3 21. Qc5
Bxd1 22. Qxa7 Bb3 23. Rc1 Bd8 24. Rc5 e4 25. Bf1 Qf7 26. Nc3 b6 27. Rc6 Nc8 28.
Qa6 Ne7 29. Qb7 Nxc6 30. bxc6 Bc4 31. Ne2 Bxe2 0-1

[Event "Copa Latinoamericana de Ajedrez 2011"]
[Site "Montevideo URU"]
[Date "2011.11.04"]
[Round "5.32"]
[White "Schuh, Astor Jose"]
[Black "Rodriguez, Santiago"]
[Result "0-1"]
[WhiteElo "2094"]
[BlackElo "2269"]
[PlyCount "42"]
[EventDate "2011.11.01"]
[EventType "swiss"]
[EventRounds "9"]
[EventCountry "URU"]
[Source "lmi"]
[SourceDate "2011.11.01"]

1. e4 d5 2. exd5 Nf6 3. c4 c6 4. dxc6 Nxc6 5. Nf3 e5 6. d3 e4 7. Qe2 Bb4+ 8.
Nc3 O-O 9. dxe4 Nxe4 10. Qc2 Bf5 11. Be3 Re8 12. Qc1 Qf6 13. a3 Ba5 14. Nd2
Nxc3 15. bxc3 Bxc3 16. Ra2 Rad8 17. Be2 Nd4 18. Bd1 Bd3 19. Qxc3 Nf3+ 20. Bxf3
Qxc3 21. h4 Bxc4 0-1

[Event "Copa Latinoamericana de Ajedrez 2011"]
[Site "Montevideo URU"]
[Date "2011.11.04"]
[Round "5.33"]
[White "Coppola, Claudio"]
[Black "Lacayo, Rene"]
[Result "1-0"]
[WhiteElo "2092"]
[BlackElo "2264"]
[PlyCount "157"]
[EventDate "2011.11.01"]
[EventType "swiss"]
[EventRounds "9"]
[EventCountry "URU"]
[Source "lmi"]
[SourceDate "2011.11.01"]

1. d4 Nf6 2. c4 e6 3. g3 d5 4. Bg2 Bb4+ 5. Bd2 Be7 6. Nf3 c6 7. Qc2 O-O 8. O-O
b6 9. Bf4 Bb7 10. Rd1 Nbd7 11. Ne5 Rc8 12. Nc3 Nh5 13. Qa4 Nxf4 14. gxf4 a6 15.
cxd5 b5 16. Qb3 cxd5 17. f5 Nxe5 18. dxe5 Qc7 19. e4 Qxe5 20. exd5 Bd6 21. h3
exf5 22. Re1 Qh2+ 23. Kf1 g6 24. Ne2 b4 25. Qd3 Ra8 26. Nd4 a5 27. Nf3 Qf4 28.
Qd4 Rfd8 29. Rad1 Rac8 30. Qf6 Bxd5 31. Rd4 Be4 32. Red1 Be7 33. Rxd8+ Rxd8 34.
Rxd8+ Bxd8 35. Qxd8+ Kg7 36. Qd4+ Kg8 37. Qd8+ Kg7 38. Qd2 Qc7 39. Ng5 Qc4+ 40.
Kg1 a4 41. a3 b3 42. Bf1 Qc5 43. Qd7 Bd5 44. Qxa4 h6 45. Nf3 Bxf3 46. Qxb3 Qc6
47. Qc4 Qf6 48. Qc3 Qxc3 49. bxc3 Bc6 50. Bg2 Bb5 51. f4 g5 52. Kf2 gxf4 53.
Bd5 Kf6 54. c4 Ba4 55. Kf3 Ke5 56. Bxf7 Bd1+ 57. Kf2 Kd4 58. Be6 Ke5 59. Bd7
Kd4 60. Bb5 Kc5 61. Ba6 Kd4 62. c5 Kxc5 63. Be2 Ba4 64. Kf3 Kd4 65. Kxf4 Kc3
66. h4 Kb2 67. Kxf5 Kxa3 68. Kg6 Kb4 69. Kxh6 Kc5 70. Kg5 Kd6 71. Kf6 Be8 72.
Bd1 Kd5 73. Bb3+ Ke4 74. Bc2+ Kf4 75. Bg6 Bb5 76. h5 Bc4 77. h6 Bg8 78. Bf7 Bh7
79. Kg7 1-0

[Event "Copa Latinoamericana de Ajedrez 2011"]
[Site "Montevideo URU"]
[Date "2011.11.04"]
[Round "5.34"]
[White "Cuevas Araya, Walter"]
[Black "Hiriart, Guillermo"]
[Result "1/2-1/2"]
[WhiteElo "2259"]
[BlackElo "2019"]
[PlyCount "148"]
[EventDate "2011.11.01"]
[EventType "swiss"]
[EventRounds "9"]
[EventCountry "URU"]
[Source "lmi"]
[SourceDate "2011.11.01"]

1. e4 d5 2. exd5 Qxd5 3. Nc3 Qa5 4. d4 c6 5. Nf3 Bg4 6. h3 Bxf3 7. Qxf3 e6 8.
Bd2 Nd7 9. O-O-O Ngf6 10. g4 Bb4 11. a3 Bxc3 12. Bxc3 Qd5 13. Qxd5 Nxd5 14. Bd2
N7f6 15. Bg2 h6 16. Rhe1 O-O-O 17. c3 Nb6 18. Kc2 Nfd5 19. b3 Rhe8 20. c4 Nc7
21. Bc3 f6 22. Re3 f5 23. Rde1 Rf8 24. f3 f4 25. R3e2 Rf7 26. Bf1 Nd7 27. Re4
g5 28. a4 c5 29. dxc5 Nxc5 30. Rd4 Rxd4 31. Bxd4 b6 32. b4 Nd7 33. Bd3 Re7 34.
Be4 Ne8 35. c5 bxc5 36. bxc5 Nxc5 37. Bg6 Nxa4 38. Ra1 Nb6 39. Bxe8 Rxe8 40.
Rxa7 Nd5 41. Rh7 e5 42. Bc5 Re6 43. Kd3 Rc6 44. Bf8 Rc3+ 45. Ke2 Rc2+ 46. Ke1
Nc3 47. Rxh6 Ne2 48. Bd6 Nd4 49. Kd1 Rc6 50. Rh8+ Kd7 51. Bxe5 Nxf3 52. Rh7+
Ke8 53. Bb8 Re6 54. Kc2 Nd4+ 55. Kd2 Nf3+ 56. Kc2 Nd4+ 57. Kd3 Nf3 58. Ba7 Re7
59. Rxe7+ Kxe7 60. Ke2 Ne5 61. Bd4 Ng6 62. Bb6 Nh4 63. Kf2 Ng6 64. Ke2 Ne5 65.
Bc7 Nf7 66. Kf3 Kd7 67. Bb8 Ke6 68. Bxf4 gxf4 69. Kxf4 Kf6 70. h4 Kg6 71. Ke4
Nh6 72. g5 Nf7 73. Kf4 Kh5 74. Kf5 Nh8 1/2-1/2

[Event "Copa Latinoamericana de Ajedrez 2011"]
[Site "Montevideo URU"]
[Date "2011.11.04"]
[Round "5.35"]
[White "Cervetto, Esteban"]
[Black "Bassan, Remo"]
[Result "0-1"]
[WhiteElo "2076"]
[BlackElo "2255"]
[PlyCount "84"]
[EventDate "2011.11.01"]
[EventType "swiss"]
[EventRounds "9"]
[EventCountry "URU"]
[Source "lmi"]
[SourceDate "2011.11.01"]

1. e4 Nf6 2. e5 Nd5 3. d4 d6 4. c4 Nb6 5. f4 g6 6. Nc3 Bg7 7. Be3 O-O 8. c5
N6d7 9. Nf3 b6 10. b4 a5 11. a3 Bb7 12. h4 dxc5 13. bxc5 bxc5 14. h5 cxd4 15.
hxg6 hxg6 16. Nxd4 c5 17. Ne6 fxe6 18. Bc4 Nxe5 19. Bxe6+ Nf7 20. Qc2 Nd7 21.
Rd1 Qb6 22. Qxg6 Nf6 23. f5 Qb2 24. Nd5 Bxd5 25. Rxd5 Qb1+ 26. Rd1 Qe4 27. Ke2
Rab8 28. Rd2 Qg4+ 29. Qxg4 Nxg4 30. Bxc5 Bf6 31. Rh3 Kg7 32. Rg3 Nfh6 33. Kf3
Rfc8 34. Bxc8 Rb3+ 35. Kf4 Be5+ 36. Ke4 Bxg3 37. Bd4+ Nf6+ 38. Bxf6+ Kxf6 39.
Ra2 Nxf5 40. Bd7 Nd6+ 41. Kd5 Rd3+ 42. Kc6 Nf5 0-1

[Event "Copa Latinoamericana de Ajedrez 2011"]
[Site "Montevideo URU"]
[Date "2011.11.04"]
[Round "5.36"]
[White "Barboza, Mauro"]
[Black "Muniz, Rafael"]
[Result "1-0"]
[WhiteElo "2051"]
[BlackElo "2220"]
[PlyCount "80"]
[EventDate "2011.11.01"]
[EventType "swiss"]
[EventRounds "9"]
[EventCountry "URU"]
[Source "lmi"]
[SourceDate "2011.11.01"]

1. e4 c5 2. Nf3 d6 3. d4 cxd4 4. Nxd4 Nf6 5. Nc3 a6 6. Be2 e5 7. Nb3 Be7 8. Be3
O-O 9. O-O Be6 10. a4 d5 11. exd5 Nxd5 12. Nxd5 Bxd5 13. a5 Bc6 14. Bb6 Qc8 15.
Bg4 f5 16. Bf3 e4 17. Be2 f4 18. Bg4 Qe8 19. Nd4 Qg6 20. Be6+ Kh8 21. Qg4 Qxg4
22. Bxg4 Bd5 23. Be6 Bc6 24. Rfe1 Bf6 25. Rad1 Bxd4 26. Rxd4 f3 27. gxf3 exf3
28. Red1 Bb5 29. c4 Ba4 30. Ra1 Nc6 31. Rd2 Bb3 32. Bd5 Rae8 33. Rd3 Bc2 34.
Rxf3 h6 35. Rxf8+ Rxf8 36. Re1 Kh7 37. Re6 Bf5 38. Re3 Rf6 39. Rg3 g5 40. Rb3
Kg6 1-0

[Event "Copa Latinoamericana de Ajedrez 2011"]
[Site "Montevideo URU"]
[Date "2011.11.04"]
[Round "5.37"]
[White "Blixen, Federico"]
[Black "Chemin, Justo Reinaldo"]
[Result "1/2-1/2"]
[WhiteElo "2131"]
[BlackElo "2184"]
[PlyCount "147"]
[EventDate "2011.11.01"]
[EventType "swiss"]
[EventRounds "9"]
[EventCountry "URU"]
[Source "lmi"]
[SourceDate "2011.11.01"]

1. d4 d5 2. Nf3 c6 3. e3 Nf6 4. c4 e6 5. Nc3 Be7 6. Bd3 O-O 7. O-O c5 8. dxc5
Bxc5 9. b3 Nc6 10. Bb2 a6 11. Rc1 Ba7 12. Qe2 dxc4 13. Bxc4 Qe7 14. Rfd1 b5 15.
Bd3 Bb7 16. Bb1 Rfd8 17. h3 Rxd1+ 18. Rxd1 Rd8 19. Rxd8+ Qxd8 20. Qd2 Qxd2 21.
Nxd2 Bc5 22. Nce4 Nxe4 23. Nxe4 Be7 24. Kf1 h6 25. Ng3 f6 26. Be4 Kf7 27. Ke2
Bd6 28. Bf3 f5 29. Kd2 g6 30. Ne2 e5 31. Bd5+ Ke7 32. e4 f4 33. Ng1 Nd8 34.
Bxb7 Nxb7 35. Nf3 Kf6 36. Ke2 Nc5 37. Nd2 Ne6 38. Nf3 g5 39. Nd2 h5 40. f3 Bb4
41. Nb1 Nd8 42. Nc3 Bxc3 43. Bxc3 Nc6 44. a3 Ke6 45. Kd3 Ne7 46. Bb4 Nc6 47.
Bc5 Kd7 48. Kc3 Nd8 49. Bb6 Ne6 50. Bf2 Kc6 51. Ba7 Nf8 52. Bf2 Ne6 53. Ba7 a5
54. a4 bxa4 55. bxa4 Nc5 56. Bb8 Nxa4+ 57. Kc2 Nc5 58. Bxe5 Ne6 59. Bf6 Kc5 60.
Kb3 Kb5 61. Ka3 Kc4 62. Ka4 Kd3 63. Kxa5 Ke2 64. Kb6 Kf2 65. Kc6 Kxg2 66. Kd6
Kxf3 67. Kxe6 g4 68. hxg4 hxg4 69. Kf5 g3 70. Bd4 g2 71. e5 Kg3 72. e6 f3 73.
e7 f2 74. Bxf2+ 1/2-1/2

[Event "Copa Latinoamericana de Ajedrez 2011"]
[Site "Montevideo URU"]
[Date "2011.11.04"]
[Round "5.38"]
[White "Iurk, Jonel Nazareno"]
[Black "Leiva, Giuseppe"]
[Result "0-1"]
[WhiteElo "2023"]
[BlackElo "2183"]
[PlyCount "89"]
[EventDate "2011.11.01"]
[EventType "swiss"]
[EventRounds "9"]
[EventCountry "URU"]
[Source "lmi"]
[SourceDate "2011.11.01"]

1. d4 Nf6 2. c4 e6 3. Nf3 b6 4. g3 Bb7 5. Bg2 Be7 6. O-O O-O 7. Bg5 d6 8. Nc3
Nbd7 9. Re1 Ne4 10. Nxe4 Bxe4 11. Bxe7 Qxe7 12. Qd2 Nf6 13. Nh4 Bxg2 14. Nxg2
c5 15. Rad1 Rfd8 16. e4 e5 17. d5 a6 18. f3 b5 19. Ne3 g6 20. Ra1 Qd7 21. Kg2
Rdb8 22. Reb1 a5 23. b3 a4 24. b4 Qc7 25. bxc5 Qxc5 26. cxb5 Rxb5 27. Rxb5 Qxb5
28. Rc1 Rb8 29. Nc4 Ne8 30. Rc2 Rc8 31. Ne3 Rxc2 32. Qxc2 Qb4 33. Nc4 a3 34.
Qd3 Nc7 35. Nxa3 Qb2+ 36. Qc2 Qxa3 37. Qxc7 Qxa2+ 38. Kh3 Qa3 39. Kg2 Kg7 40.
Qc6 h5 41. h4 Qb2+ 42. Kg1 Qd4+ 43. Kf1 Qd1+ 44. Kf2 Qd2+ 45. Kg1 0-1

[Event "Copa Latinoamericana de Ajedrez 2011"]
[Site "Montevideo URU"]
[Date "2011.11.04"]
[Round "5.39"]
[White "Rodriguez, Sergio"]
[Black "Lopez Azambuja, Nicolas"]
[Result "0-1"]
[WhiteElo "2009"]
[BlackElo "2166"]
[PlyCount "54"]
[EventDate "2011.11.01"]
[EventType "swiss"]
[EventRounds "9"]
[EventCountry "URU"]
[Source "lmi"]
[SourceDate "2011.11.01"]

1. c4 g6 2. Nc3 Bg7 3. g3 Nf6 4. Bg2 O-O 5. e4 d6 6. Nge2 c5 7. O-O Nc6 8. d3
a6 9. h3 Rb8 10. f4 Nd7 11. Kh2 b5 12. e5 Nd4 13. exd6 exd6 14. cxb5 axb5 15.
Nd5 Bb7 16. Be3 Nf5 17. Bf2 Nb6 18. Nxb6 Bxg2 19. Kxg2 Qxb6 20. g4 Qb7+ 21. Kh2
Ne7 22. d4 c4 23. Qd2 Rfe8 24. Ng3 Nd5 25. f5 b4 26. g5 c3 27. Qc1 Rec8 0-1

[Event "Copa Latinoamericana de Ajedrez 2011"]
[Site "Montevideo URU"]
[Date "2011.11.04"]
[Round "5.41"]
[White "Barrionuevo, Pablo"]
[Black "Ulaneo, Matias"]
[Result "1-0"]
[WhiteElo "2336"]
[BlackElo "2036"]
[PlyCount "83"]
[EventDate "2011.11.01"]
[EventType "swiss"]
[EventRounds "9"]
[EventCountry "URU"]
[Source "lmi"]
[SourceDate "2011.11.01"]

1. d4 e6 2. c4 b6 3. Nf3 Bb7 4. g3 f5 5. Bg2 Bb4+ 6. Nbd2 Nf6 7. O-O Bxd2 8.
Qxd2 Be4 9. b3 O-O 10. Bb2 Re8 11. Rfd1 d6 12. Bh3 Bxf3 13. exf3 Nbd7 14. f4
Qe7 15. d5 g6 16. dxe6 Qxe6 17. Qc3 Kf8 18. Bg2 Rad8 19. Bd5 Qe7 20. Re1 Qg7
21. Bc6 Qh6 22. Rxe8+ Rxe8 23. Re1 Rxe1+ 24. Qxe1 Kf7 25. Bd5+ Kf8 26. Be6 Qh5
27. Kg2 g5 28. fxg5 Qxg5 29. Bxd7 Nxd7 30. Qe6 Nc5 31. Qc8+ Kf7 32. h4 Qe7 33.
Qxf5+ Kg8 34. Qg5+ Kf7 35. Qh5+ Kf8 36. Qf3+ Ke8 37. Bd4 Ne4 38. Qh5+ Kd7 39.
Qf5+ Ke8 40. f3 Nd2 41. Qd3 Qe1 42. Bc3 1-0

[Event "Copa Latinoamericana de Ajedrez 2011"]
[Site "Montevideo URU"]
[Date "2011.11.04"]
[Round "5.42"]
[White "Matsuura, Frederico"]
[Black "Muzzi, Eduardo"]
[Result "1-0"]
[WhiteElo "2314"]
[BlackElo "2019"]
[PlyCount "49"]
[EventDate "2011.11.01"]
[EventType "swiss"]
[EventRounds "9"]
[EventCountry "URU"]
[Source "lmi"]
[SourceDate "2011.11.01"]

1. d4 e6 2. Nf3 f5 3. g3 Nf6 4. Bg2 d5 5. O-O Bd6 6. c4 c6 7. b3 O-O 8. Ba3
Bxa3 9. Nxa3 Nbd7 10. Nc2 Ne4 11. Nb4 a5 12. Nd3 a4 13. Qc2 b6 14. cxd5 cxd5
15. Qc6 Ba6 16. Qxe6+ Kh8 17. Nfe5 Nxe5 18. dxe5 axb3 19. axb3 Nd2 20. Bxd5
Nxf1 21. Bxa8 Bxd3 22. exd3 Qxd3 23. Qd5 Qxd5 24. Bxd5 Nd2 25. e6 1-0

[Event "Copa Latinoamericana de Ajedrez 2011"]
[Site "Montevideo URU"]
[Date "2011.11.04"]
[Round "5.43"]
[White "Leskovar, Matias"]
[Black "Sanduay, Nicolas"]
[Result "1-0"]
[WhiteElo "2280"]
[BlackElo "2016"]
[PlyCount "69"]
[EventDate "2011.11.01"]
[EventType "swiss"]
[EventRounds "9"]
[EventCountry "URU"]
[Source "lmi"]
[SourceDate "2011.11.01"]

1. d4 d5 2. Nf3 Nf6 3. Bg5 Ne4 4. Bf4 f6 5. h4 Bf5 6. e3 c5 7. Nfd2 Qb6 8. g4
Bg6 9. h5 Bf7 10. Nxe4 dxe4 11. Bxb8 Rxb8 12. Nc3 a6 13. Nxe4 Rd8 14. Nxc5 e5
15. Nb3 Bxb3 16. axb3 exd4 17. exd4 Rxd4 18. Qe2+ Be7 19. Bg2 Kf7 20. Rh3 Rhd8
21. Rd3 Rxd3 22. cxd3 Qxb3 23. Be4 Re8 24. Kf1 Bd6 25. Re1 Re7 26. Rc1 Qe6 27.
Qf3 Qe5 28. Bxh7 Bc5 29. b4 Bxb4 30. Rc8 Ke6 31. d4 Qb5+ 32. Bd3 Qa5 33. Bf5+
Kd6 34. Qg3+ Kd5 35. Bh7 1-0

[Event "Copa Latinoamericana de Ajedrez 2011"]
[Site "Montevideo URU"]
[Date "2011.11.04"]
[Round "5.44"]
[White "Vaz, Leonardo"]
[Black "Pazdur, Martin"]
[Result "1-0"]
[WhiteElo "2014"]
[BlackElo "2230"]
[PlyCount "95"]
[EventDate "2011.11.01"]
[EventType "swiss"]
[EventRounds "9"]
[EventCountry "URU"]
[Source "lmi"]
[SourceDate "2011.11.01"]

1. e4 c5 2. Nf3 d6 3. d4 cxd4 4. Nxd4 Nf6 5. Nc3 a6 6. Be2 e6 7. O-O Be7 8. Be3
O-O 9. a4 Nc6 10. f4 Qc7 11. Nb3 b6 12. g4 d5 13. exd5 Nxd5 14. Nxd5 exd5 15.
c3 Rd8 16. Rc1 Bb7 17. Qe1 Na5 18. Nxa5 bxa5 19. Qf2 Qc6 20. Bd4 Rac8 21. g5
Bc5 22. Rcd1 Bxd4 23. Rxd4 f5 24. Rfd1 Qe8 25. Bf3 Kh8 26. h4 Bc6 27. Bxd5 Rxd5
28. Rxd5 Bxd5 29. Rxd5 Qxa4 30. Qd2 g6 31. Rd4 Qc6 32. Rd8+ Rxd8 33. Qxd8+ Kg7
34. Qxa5 Qf3 35. Qe5+ Kg8 36. c4 Qg3+ 37. Kf1 Qxh4 38. c5 Qh1+ 39. Ke2 Qg2+ 40.
Kd3 Qf1+ 41. Kc3 Qc1+ 42. Kb3 Qd1+ 43. Kc4 Qc2+ 44. Kd5 Qb3+ 45. Kc6 Qb5+ 46.
Kc7 Qa5+ 47. Kd7 Qa4+ 48. c6 1-0

[Event "Copa Latinoamericana de Ajedrez 2011"]
[Site "Montevideo URU"]
[Date "2011.11.04"]
[Round "5.45"]
[White "Hernandez Riera, Jose"]
[Black "Lanzilotta, Marcelo"]
[Result "1/2-1/2"]
[WhiteElo "2225"]
[BlackElo "2011"]
[PlyCount "45"]
[EventDate "2011.11.01"]
[EventType "swiss"]
[EventRounds "9"]
[EventCountry "URU"]
[Source "lmi"]
[SourceDate "2011.11.01"]

1. Nf3 Nf6 2. c4 g6 3. Nc3 Bg7 4. g3 O-O 5. Bg2 c6 6. d4 d5 7. cxd5 cxd5 8. O-O
Nc6 9. Ne5 Bf5 10. Bg5 Nxe5 11. dxe5 Ne4 12. Nxe4 dxe4 13. Qb3 Bxe5 14. Qxb7
Qb6 15. Qd5 Bxb2 16. Be3 Rfd8 17. Qxa8 Rxa8 18. Bxb6 Bxa1 19. Be3 Be5 20. f3
Rd8 21. Bxa7 Ra8 22. fxe4 Be6 23. Bc5 1/2-1/2

[Event "Copa Latinoamericana de Ajedrez 2011"]
[Site "Montevideo URU"]
[Date "2011.11.04"]
[Round "5.46"]
[White "Quenallata, Luciano"]
[Black "Colman, Matias"]
[Result "1-0"]
[WhiteElo "2217"]
[BlackElo "2007"]
[PlyCount "87"]
[EventDate "2011.11.01"]
[EventType "swiss"]
[EventRounds "9"]
[EventCountry "URU"]
[Source "lmi"]
[SourceDate "2011.11.01"]

1. Nf3 d5 2. c4 c6 3. g3 Nf6 4. Bg2 e6 5. O-O Be7 6. d4 O-O 7. b3 Nbd7 8. Nc3
b6 9. Ne5 Nxe5 10. dxe5 Nd7 11. f4 Bb7 12. cxd5 cxd5 13. Bb2 Rc8 14. Nb5 a6 15.
Nd4 Bc5 16. e3 Qe7 17. Qg4 a5 18. Rad1 Ba6 19. Rf2 Bb4 20. Bxd5 Bc3 21. Nxe6 g6
22. Nxf8 Nxf8 23. Bc4 b5 24. Bxb5 Bb7 25. Bc1 Qb4 26. Bf1 Ne6 27. Bg2 Bxg2 28.
Kxg2 a4 29. h3 axb3 30. axb3 Qxb3 31. f5 Ng7 32. e6 gxf5 33. exf7+ Kf8 34. Rxf5
Ba1 35. Rfd5 Rc2+ 36. R5d2 Bf6 37. Qd7 Ra2 38. Rxa2 Qxa2+ 39. Rd2 Qa8+ 40. Kh2
Qa1 41. Rc2 Be7 42. Bb2 Qb1 43. Rf2 Ne6 44. Qe8# 1-0